000 00476cam a22001934a 4500
005 20250605164307.0
008 250528s ||||||||||||||||||||||||d
035 _a22292
020 _a9781305077102
040 _aGR-AtMCL
_bgre
_dGR-AtMCL
_eAACR2
245 1 _aTHE SCIENCE AND ENGINEERING OF MATERIALS
250 _a3
260 _bCengage Learning,
_c2015
300 _a870
700 1 _aAskeland Donald R.
_98159
942 _cBK
999 _c7347
_d7347